Principios de Economía
Shranjeno v:
| Glavni avtor: | |
|---|---|
| Format: | Knjiga |
| Jezik: | španščina |
| Izdano: |
Cuernavaca, México
Cengage Learning Editores S. A
2017
|
| Izdaja: | Séptima edición |
| Teme: | |
| Online dostop: | Disponible Online |
| Oznake: |
Označite
Brez oznak, prvi označite!
|
MARC
| LEADER | 00000cam a2200000 a 4500 | ||
|---|---|---|---|
| 001 | UCD7476 | ||
| 003 | CL-VaPUC | ||
| 005 | 20250407202433.0 | ||
| 008 | 170326e20170000mx |||||||||||||||||spa|d | ||
| 999 | |c 367492 |d 367490 | ||
| 020 | |a 9786075262154 | ||
| 040 | |c Pontificia Universidad Católica de Valparaíso | ||
| 082 | 0 | 4 | |a 330 MAN 2017 |2 21 |
| 100 | |a Mankiw, N. Gregory |e autor |9 861929 | ||
| 245 | 1 | 0 | |a Principios de Economía |
| 250 | |a Séptima edición | ||
| 260 | |a Cuernavaca, México |b Cengage Learning Editores S. A |c 2017 | ||
| 300 | |a 847 páginas | ||
| 500 | |a c.12. Instituto Arcos 8-1-2023 | ||
| 583 | |a last modification |c 20170326 03:36:00 |k Rodrigo Vera | ||
| 650 | 0 | |a Economía |9 255568 | |
| 650 | 0 | |a Comercio exterior |9 257617 | |
| 650 | 0 | |a Producción |9 263680 | |
| 650 | 0 | |a Macroeconomía |9 260301 | |
| 650 | 0 | |a Microeconomía |9 258126 | |
| 856 | |u http://bibliografiadigital.pucv.cl.pucv.idm.oclc.org/index.php/bibliotecapucv/catalog/book/147 |y Disponible Online | ||
| 942 | |c BK |2 ddc |n 0 | ||
| 945 | |d 20170326 03:36:00 |a dcastane | ||
| 952 | |0 0 |1 0 |2 ddc |3 erb |4 0 |6 330_000000000000000_MAN_2017 |7 0 |8 R |9 482390 |a BIBENE |b BIBENE |i 5369452 |l 24 |o 330 MAN 2017 |p 5369452 |r 2025-03-28 |s 2025-03-28 |w 2019-11-24 |y BK_R |z Catalogado en:20170326 |k ICO | ||
| 952 | |0 0 |1 0 |2 ddc |3 erb |4 0 |6 330_000000000000000_MAN_2017 |7 0 |8 R |9 482391 |a BIBENE |b BIBENE |i 5369444 |l 23 |o 330 MAN 2017 |p 5369444 |r 2025-04-14 |s 2025-04-10 |w 2019-11-24 |y BK_R |z Catalogado en:20170326 |k ICO | ||
| 952 | |0 0 |1 0 |3 erb |4 0 |6 330_000000000000000_MAN_2017 |7 0 |8 R |9 482392 |a BIBENE |b BIBENE |i 5369436 |l 21 |m 2 |o 330 MAN 2017 |p 5369436 |r 2025-04-21 |s 2025-04-21 |w 2019-11-24 |y BK_R |z Catalogado en:20170326 |k ICO | ||
| 952 | |0 0 |1 0 |3 erb |4 0 |6 330_000000000000000_MAN_2017 |7 0 |8 R |9 482393 |a BIBENE |b BIBENE |i 5369428 |l 23 |m 1 |o 330 MAN 2017 |p 5369428 |r 2025-04-14 |s 2025-04-09 |w 2019-11-24 |y BK_R |z Catalogado en:20170326 |k ICO | ||
| 952 | |0 0 |1 0 |3 erb |4 0 |6 330_000000000000000_MAN_2017 |7 0 |8 R |9 482394 |a BIBENE |b BIBENE |i 536941K |l 38 |m 1 |o 330 MAN 2017 |p 536941K |r 2025-04-14 |s 2025-04-09 |w 2019-11-24 |y BK_R |z Catalogado en:20170326 |k ICO | ||
| 952 | |0 0 |1 0 |3 erb |4 0 |6 330_000000000000000_MAN_2017 |7 0 |8 R |9 482395 |a BIBGIM |b BIBGIM |i 5481732 |l 20 |m 2 |o 330 MAN 2017 |p 5481732 |r 2025-04-15 |s 2025-04-15 |w 2019-11-24 |y BK_R |z Catalogado en:20180720 |k COM | ||
| 952 | |0 0 |1 0 |3 erb |4 0 |6 330_000000000000000_MAN_2017 |7 0 |8 R |9 482396 |a BIBGIM |b BIBGIM |i 5481724 |l 23 |o 330 MAN 2017 |p 5481724 |r 2025-03-13 |s 2025-03-13 |w 2019-11-24 |y BK_R |z Catalogado en:20180720 |k COM | ||
| 952 | |0 0 |1 0 |3 erb |4 0 |6 330_000000000000000_MAN_2017 |7 0 |8 R |9 482397 |a BIBGIM |b BIBGIM |i 5481716 |l 14 |m 1 |o 330 MAN 2017 |p 5481716 |r 2025-01-15 |s 2024-06-26 |w 2019-11-24 |y BK_R |z Catalogado en:20180720 |k COM | ||
| 952 | |0 0 |1 0 |3 erb |4 0 |6 330_000000000000000_MAN_2017 |7 0 |8 R |9 482398 |a BIBGIM |b BIBGIM |i 5481708 |l 7 |o 330 MAN 2017 |p 5481708 |r 2025-01-15 |s 2024-05-20 |w 2019-11-24 |y BK_R |z Catalogado en:20180720 |k COM | ||
| 952 | |0 0 |1 0 |3 erb |4 0 |6 330_000000000000000_MAN_2017 |7 0 |8 R |9 482399 |a BIBGIM |b BIBGIM |i 5481694 |l 16 |o 330 MAN 2017 |p 5481694 |r 2025-03-17 |s 2025-03-12 |w 2019-11-24 |y BK_R |z Catalogado en:20180720 |k COM | ||
| 952 | |0 0 |1 0 |2 ddc |4 0 |6 330_000000000000000_MAN_2017 |7 0 |8 A |9 576935 |a BIBALI |b BIBALI |c RES |d 2020-11-17 |e 3 |g 32336.00 |i 5577845 |o 330 MAN 2017 |p 5577845 |r 2025-01-20 |t 12 |v 32336.00 |w 2020-11-17 |y BK_R |k ALI | ||
| 952 | |0 0 |1 0 |2 ddc |4 0 |6 330_000000000000000_MAN_2017 |7 0 |8 A |9 576937 |a BIBALI |b BIBALI |c RES |d 2020-11-17 |e 3 |g 32336.00 |i 5577837 |o 330 MAN 2017 |p 5577837 |r 2025-01-20 |t 11 |v 32336.00 |w 2020-11-17 |y BK_R |k ALI | ||
| 952 | |0 0 |1 0 |2 ddc |4 0 |6 330_000000000000000_MAN_2017 |7 0 |8 A |9 600755 |a BIBINC |b BIBINC |d 2025-03-07 |e Instituto Arcos |i 5665664 |o 330 MAN 2017 |p 5665664 |r 2025-03-07 |t 13 |w 2025-03-07 |y BK |k IFP | ||